| 000 | 00482nam a2200169Ia 4500 | ||
|---|---|---|---|
| 008 | 220531s9999 xx 000 0 und d | ||
| 041 | _amar | ||
| 100 |
_aप्वार पं. सहस्त्रबुध्द _941287 |
||
| 245 | _aतेजाची लेणी | ||
| 250 | _a1ST | ||
| 260 |
_bDastane _c1999 |
||
| 300 | _a132 | ||
| 542 | _d14-07-1999 | ||
| 650 |
_aMarathi _941288 |
||
| 906 |
_d1999-2000 _d2014-2015 _eWrite Off _f7223 |
||
| 999 |
_c24728 _d24728 |
||